00223nam a2200085Ia 4500008004100000100001900041245004200060260002600102260000900128170620s9999 xx 000 0 und d aN. C. E. R. T. 0aMinimum Specification For Pre-Schools bNew Delhi- N.C.E.R.T. c2001